| 000 | 00963nam a2200253 a 4500 | ||
|---|---|---|---|
| 001 | 44353 | ||
| 003 | BD-RjUL | ||
| 005 | 20211209053836.0 | ||
| 008 | 190717s1967 enka b 100 0 eng | ||
| 035 | _a(BD-RjUL)44471 | ||
| 040 |
_aDLC _cDLC _dBD-RjUL _beng |
||
| 041 | _aeng | ||
| 082 | 0 | 0 |
_a338.508 _223 _bPRI 1967 |
| 245 | 0 | 0 |
_aPrice formation in various economies: _bproceedings of a conference held by the International Economic Association / _cedited by D. C. Hague. |
| 260 |
_aLondon, _aMelbourne [etc.] _aNew York, _bSt. Martin's P., _c1967. |
||
| 300 |
_axviii, 281 p. : _btables, diagrs. ; _c22 cm. |
||
| 500 | _a"Held at the Maale Hashamisha Kibbutz, near Jerusalem, during March 1964." | ||
| 504 | _aIncludes bibliographies. | ||
| 650 | 0 |
_aPrices _vCongresses. _9136132 |
|
| 700 | 1 |
_aHague, D. C. _q(Douglas Chalmers), _d1926-2015, _eed. _9131797 |
|
| 710 | 2 |
_aInternational Economic Association. _9130641 |
|
| 942 |
_2ddc _cBK |
||
| 999 |
_c44353 _d44353 |
||